000 00564nam a2200193Ia 4500
003 GCL
008 140319s9999 xx 000 0 ara d
040 _aGCL /
_cGCL
082 0 4 _aق
_b327.62047
_bف ع
100 1 _aفؤاد مرسى
245 1 0 _aالعلاقات المصرية السوفيتية 1943 - 1956 /
_cفؤاد مرسى
300 _a294 ص
490 _a
650 0 4 _aمصر
650 0 4 _aالاتحاد السوفيتى
650 0 4 _aالعلاقات الخارجية
650 0 4 _aالحزب الشيوعى المصرى
942 _2ddc
_cBK
999 _c39359
_d39359